00600nam a22001937a 450000500170000001000150001702000260003203500140005803700130007208200110008510000280009624500840012426000470020827000690025530000260032470000180035070000170036870000210038520230920124128.0 aENG-138134 a9789391420093c991.00 aEN-121666 bDBAD/PUB a005.71 aPatra, P. Santosh Kumar aData Communication and Computer Networks /cBy P. Santosh Kumar Patra...[et.al] aHyderabadbM/s Spectrum Publicationsc2022 a326/C, Level-3, Near B K Guda Park, S R NagarbHyderabade500038 axviii, 414c24cm(pbk) aAlexander, P. aSatheesh, N. aKantha, B. Laxmi